Highest Mountains by Picture - Statistics

General Stats
  • This quiz has been taken 19 times
  • The average score is 4 of 20
Answer Stats
Picture Answer % Correct
K2
78%
Mt. Everest
72%
Lhotse
39%
Annapurna I
28%
Dhaulagiri I
28%
Cho Oyu
22%
Gasherbrum I
22%
Kangchenjunga
17%
Manaslu
17%
Makalu
11%
Nanga Parbat
11%
Annapurna II
6%
Broad Peak
6%
Gasherbrum II
6%
Gasherbrum IV
6%
Shishapangma
6%
Distaghil Sar
0%
Gyachung Kang
0%
Himalchuli
0%
Ngadi Chuli
0%
No matching quizzes found
Score Distribution
Percent of People with Each Score
Percentile by Number Answered
Your Score History
You have not taken this quiz